000 02084cam a22004454i 4500
003 PE-LiUPU
005 20250731172801.0
008 150617s r 000 0 d
035 _a(Sirsi) a13077
040 _aPE-LiUPU
_bspa
_cPE-LiUPU
_erda
049 _aPRUA
082 0 4 _a226.1
_bT79
_221
100 1 _aTrenchard, Ernesto,
_eautor.
245 1 0 _aIntroducción a los cuatro evangelios /
_cErnesto Trenchard.
264 1 _aMadrid :
_bEditorial Literatura Bíblica,
_c1974.
300 _a366 páginas :
_bil. láms ;
_c19 cm
336 _atext
_2rdacontent
337 _aunmediated
_2rdamedia
338 _avolume
_2rdacarrier
505 0 _aIntroducción general -- Los tres evangelios sinópticos. El evangelio según san Mateo -- Los tres evangelios sinópticos. Evangelio según san Marcos -- Los tres evangelios sinópticos. El evangelio según san Lucas -- El evangelio según san Juan. El evangelio cuádruple -- La persona de Cristo -- El ministerio del Señor -- El ministerio del Señor. Los métodos de la senseñanza y algunos de los temas -- El ministerio del Señor. Las parábolas del Señor -- El ministerio del Señor. Los milagros del Señor -- La gran consumación del ministerio. Los sufrimientos y muerte de Cristo -- La gran consumación del ministerio. La sepultura, resurrección y ascensión de Cristo.
526 _aSEG42
526 _aSEG41
526 _aSEG40
526 _aSEG39
526 _aP94
526 _aP87
526 _aP86
526 _aP85
526 _aP77
526 _aP76
526 _aP35
630 _aBiblia
_pN.T.
_pEvangelios
_xIntroducciones.
910 _ajck
_bjvq
_cjck
_d20150616
942 _2ddc
_cBOOK
949 _a226.1 T79
_wDEWEY
_c1
_i19002
_lCCODEBUL1
_mBUL
_p00.00
_r0
_sY
_tBOOK
_u2015-04-22
_xTEOLOGIA
_PP35
_0COMPRA
_o.STAFF. Colección General
994 _aC0
_bPEPRU
596 _a1
999 _a226.1 T79
_wDEWEY
_c3406
_i19002
_d3406
_f2021-11-9
_g6
_lCCODEBUL1
_mBUL
_q1
_r0
_sY
_tBOOK
_u2015-4-22
_xTEOLOGIA
_PP35
_0COMPRA
_o.STAFF. Colección General
980 _81
_gALBERTO SANCHEZ Responsable de Automatización